000 01022cab a2200265 4500
001 WB3019-39
008 090401t1994 xxu||||| |||| 00| 0 eng d
035 _a(Sirsi) u53219
041 _aeng
245 _aExisting use rights
260 _c1994
350 _a0
490 _aEstates Gazette Case Summaries
_v(1994) EGCS 86 (14/5/94)
520 _aIn "Hughes v SoS Environment and another" QBD 5 May 1994, planning permission was refused for rebuilding a derelict bungalow; the issue being whether the works fell within renovation and repair or whether the building was a dwelling house. Appeal failed on planning merits and was dismissed.
650 _aENFORCEMENT NOTICES
650 _aEXISTING USE RIGHTS
650 _aPLANNING PERMISSION
650 _aREFUSAL
650 _aSOUTH HOLLAND DC
650 _aTOWN AND COUNTRY PLANNING ACT 1990
650 _aTOWN AND COUNTRY PLANNING GENERAL DEVELOPMENT ORDER 1988
690 _aPLANNING LAW AND PRACTICE-CASE LAW
942 _n0
948 _c04/03/1997
999 _c32823
_d32823